LDR 01395naa#a2200289#i#450# 001 RU\INFRA-M\bibl\100202 005 20260429170728.3 011 ## _a2500-0535 100 ## _a20250626b2025####ek#y0rusy0150####ca 101 0# _aENG 102 ## _aRU 200 1# _aExcitation of global artificial Pc1 signals during FENICS-2024 experiment: 1. Observations _eЖурнальная статья 210 1# _aМосква _cОбщество с ограниченной ответственностью «Научно-издательский центр ИНФРА-М» _d2025 215 ## _a7 с. 608 ## _aЖурнальная статья _2local 675 ## _aАстрономия. Геодезия. 52 _zENG 700 #1 _aПилипенко _gВячеслав Анатольевич 700 #1 _aЕрмакова _gЕлена Николаевна 700 #1 _aПотапов _gАлександр Сергеевич 700 #1 _aМарчук _gРоман Александрович 700 #1 _aКолобов _gВиталий Валентинович 700 #1 _aАнисимов _gСергей Васильевич 700 #1 _aРябов _gАлександр Владимирович 700 #1 _aМазур _gНиколай Григорьевич 700 #1 _aФедоров _gЕвгений Николаевич 700 #1 _aДмитриев _gЭльдар Михайлович 856 4# _anaukaru.ru _u